Las acciones cambiarias. Directa, de regreso y de ulterior regreso (Registro nro. 22613)

000 -Cabecera
Campo de control interno 02461nam a2200277 4500
001 - Número de control
control field ESSALUD
005 - Fecha y hora de la última transacción
Campo de control 20260702105411.0
007 - Tipo material - Descripcion fisica - info general
Tipo material - Descripcion fisica - info general ta
008 - Elementos de Longitud Fija - Información General
Elementos de Longitud Fija - Información t pe ||||| |||| 00| 0 spa d
040 ## - Origen de la Catalogación
Origen de la Catalogación BMG
041 ## - Idioma
Idioma spa
100 ## - Autor
Autor Torres Carrasco, Manuel Alberto
Rol del Autor Autor
9 (RLIN) 21063
245 ## - Titulo
Titulo Las acciones cambiarias. Directa, de regreso y de ulterior regreso
246 ## - Variante del Titulo
Titulo Exchange actions. Direct, recourse, and further recourse
300 ## - Páginas
Paginación páginas 209-214
520 ## - Resumen
Resumen El titular de un título valor tiene a su disposición diversos mecanismos para<br/>hacer efectivo el cobro del importe contenido en el documento cambiario. Así, en principio,<br/>puede ejercitar las denominadas "acciones cambiarías", entre las que tenemos a<br/>la directa, de regreso y de ulterior regreso. El autor explica cada una de ellas Y cuáles<br/>son los presupuestos para su ejercicio y su aplicación práctica. Igualmente, refiere que<br/>el tenedor del título valor podría optar, en defecto de la acción cambiaría o alternativamente<br/>a esta, por la denominada acción causal y, finalmente, por la acción de enriquecimiento<br/>indebido, en caso haya perdido la acción cambiaría contra todos los obligados<br/>y que además no pueda ejercitar las acciones causales. <br/>
520 ## - Resumen
Resumen The holder of o negotiable instrument has various mechanisms at their disposal to enforce<br/>the collection of the amount stated in the exchange document. Thus, in principle, the holder may<br/>exercise the so-called "exchange actions," which include direct action, recourse action, and further<br/>recourse action. The author explains each of these, along with the requirements for their exercise and<br/>their practical application. Likewise, the author notes that, in the absence of an exchange action or<br/>as an alternative to it, the holder may opt for the so-called "causal action" and, finally, far the "unjust<br/>enrichment action," in cases where the exchange action against all obligated parties has been lost and<br/>the causal actions can no longer be exercised.<br/>
650 ## - Temas - Descriptores
Temas - Descriptores ACCIONES CAMBIARIAS
9 (RLIN) 53105
650 ## - Temas - Descriptores
Temas - Descriptores TÍTULOS VALORES
9 (RLIN) 53106
650 ## - Temas - Descriptores
Temas - Descriptores PROCESO EJECUTIVO
9 (RLIN) 53107
650 ## - Temas - Descriptores
Temas - Descriptores EXCHANGE ACTIONS
9 (RLIN) 53108
650 ## - Temas - Descriptores
Temas - Descriptores NEGOTIABLE INSTRUMENTS
9 (RLIN) 53109
650 ## - Temas - Descriptores
Temas - Descriptores EXECUTIVE PROCESS
9 (RLIN) 53110
773 0# - Revista (Relacion con el numero)
Host Biblionumber 22573
Host Itemnumber 22621
Ciudad, Editorial Lima Grupo Praxis Formación Profesional, 2026-
Codigo barras item/ejemplar PRA002
Titulo de la Revista Praxis Civil & Procesal Civil
Número de control de registro ESSALUD
ISSN 3119-7671
942 ## - Elementos de Koha
Tipo de Documento Artículos
Fecha procesamiento 2026-07-01
Catalogador sqb

No hay ítems disponibles.